Gaming Quiz

Random Gaming or Football Quiz

FIFA 12 Top Rated Players for Serie A Quiz Stats

Quiz not verified by Sporcle

Also try: Gaming Odd One Out
Challenge
Share
Tweet
Embed
Score 0/67 Timer 20:00
0 Plays Today
Team Name % Correct
MilanZlatan Ibrahimovic
91.7%
NapoliEdison Cavani
89.8%
InterWesley Sneijder
88.6%
NapoliEzequiel Lavezzi
83.5%
MilanThiago Silva
83.1%
MilanAlexandre Pato
82.3%
MilanRobinho
77.6%
NapoliMarek Hamsik
76.4%
InterMaicon
75.2%
InterLucio
72.4%
InterJulio Cesar
71.3%
JuventusGianluigi Buffon
70.5%
InterWalter Samuel
66.1%
InterEsteban Cambiasso
64.6%
UdineseAntonio Di Natale
63.4%
JuventusAndrea Pirlo
63%
JuventusGiorgio Chiellini
62.2%
InterDiego Forlan
61%
MilanAlessandro Nesta
59.4%
RomaFrancesco Totti
57.9%
InterDiego Milito
56.7%
MilanKevin-Prince Boateng
52.4%
MilanChristian Abbiati
51.2%
RomaDaniele De Rossi
50.8%
InterGiampaolo Pazzini
49.2%
MilanAntonio Cassano
46.9%
LazioMiroslav Klose
46.9%
JuventusArturo Vidal
46.5%
RomaMaarten Stekelenburg
45.7%
JuventusClaudio Marchisio
42.5%
LazioHernanes
40.2%
FiorentinaStevan Jovetic
40.2%
InterJavier Zanetti
39.4%
PalermoFabrizio Miccoli
37.8%
Team Name % Correct
JuventusMilos Krasic
37.4%
NapoliGokhan Inler
37%
ParmaSebastian Giovinco
36.6%
MilanPhilippe Mexes
36.2%
MilanClarence Seedorf
34.3%
JuventusMirko Vucinic
33.9%
JuventusAlessandro Matri
30.7%
NapoliChristian Maggio
30.7%
NapoliMorgan De Sanctis
29.5%
FiorentinaAlberto Gilardino
29.1%
InterDejan Stankovic
29.1%
MilanAlberto Aquilani
28%
MilanMassimo Ambrosini
27.6%
FiorentinaRiccardo Montolivo
24.4%
InterMauro Zarate
24.4%
GenoaRodrigo Palacio
23.6%
UdineseMauricio Isla
22%
FiorentinaJuan Manuel Vargas
21.3%
MilanMark van Bommel
20.5%
JuventusFabio Quagliarella
19.3%
RomaJuan
18.9%
PalermoFederico Balzaretti
18.5%
BolognaMarco Di Vaio
16.9%
JuventusAlessandro Del Piero
16.5%
LazioStefano Mauri
15.7%
InterAndrea Ranocchia
15.4%
GenoaSebastien Frey
15.4%
InterThiago Motta
15%
RomaMarco Borriello
14.6%
UdineseMehdi Benatia
12.2%
PalermoEmiliano Viviano
9.1%
LazioAndre Dias
7.9%
CagliariAndrea Cossu
7.1%

You're not logged in!

Compare scores with friends on all Sporcle quizzes.
Sign Up with Email
OR
Log In

You Might Also Like...

Show Comments

Extras

Top Quizzes Today


Score Distribution

Your Account Isn't Verified!

In order to create a playlist on Sporcle, you need to verify the email address you used during registration. Go to your Sporcle Settings to finish the process.

Report this User

Report this user for behavior that violates our Community Guidelines.

Details: